Rôzne názvy a rovnaké finančné nástroje metódy obchodovania na burze sa za storočie takmer nezmenili
Investovanie na burze pred sto rokmi a dnes. Zaujímavé odkazy z minulého storočia. Podstata a správanie burzy. Dva pohľady na burzu: Burza ako prostriedok uloženia peňazí alebo ako špekulácia. Porovnanie bratislavskej a pražskej burzy CP so západnou Európou.
Enregistré dans:
| Auteur principal: | |
|---|---|
| Format: | Chapitre de livre |
| Langue: | slovaque |
| Sujets: | |
| Tags: |
Pas de tags, Soyez le premier à ajouter un tag!
|
MARC
| LEADER | 00000naa$a2200000$$$4500 | ||
|---|---|---|---|
| 001 | 0109409 | ||
| 005 | 20231019091500.6 | ||
| 041 | 0 | |a slo | |
| 044 | |a SK | ||
| 245 | 1 | 0 | |a Rôzne názvy a rovnaké finančné nástroje |b metódy obchodovania na burze sa za storočie takmer nezmenili |c Peter Bayer |
| 520 | |a Investovanie na burze pred sto rokmi a dnes. Zaujímavé odkazy z minulého storočia. Podstata a správanie burzy. Dva pohľady na burzu: Burza ako prostriedok uloženia peňazí alebo ako špekulácia. Porovnanie bratislavskej a pražskej burzy CP so západnou Európou. | ||
| 610 | 2 | 0 | |a história |
| 610 | 2 | 0 | |a burzy cenných papierov |
| 610 | 2 | 0 | |a akcionári |
| 610 | 2 | 0 | |a dlhopisy bankové |
| 610 | 2 | 0 | |a obchody burzové |
| 610 | 2 | 0 | |a nástroje finančné |
| 100 | 1 | |a Bayer, Peter | |